000 00369nam a22001577a 4500
003 MPLRDC
005 20220104144248.0
008 210129b ||||| |||| 00| 0 eng d
082 _a857.7 YQ v.132 c.4
100 _a严沁
245 _a左岸落叶
_c
260 _a
_b小说创作社
_c
300 _b
650 _a长篇小说
942 _cBK
_o857.7 YQ v.132 c.4
999 _c47918
_d47908